Tápanyag-ellátás hatása az őszi búza fajták fejlődésére

Elmentve itt :
Bibliográfiai részletek
Szerzők: Szarvas Adrienn
Szarvas Mariann
További közreműködők: Kristó István (Témavezető)
Petróczi István Mihály (Témavezető)
Dokumentumtípus: Szakdolgozat
Megjelent: 2008
Kulcsszavak:Őszi búza
Tápanyag-ellátás
Műtrágyázás
Tárgyszavak:
Online Access:http://diploma.bibl.u-szeged.hu/102273
LEADER 00844nta a2200253 i 4500
001 dipl102273
005 20211220100011.0
008 211220s2008 hu om 0|| zxx d
040 |a SZTE Diploma Repozitórium  |b hun 
041 |a zxx 
100 1 |a Szarvas Adrienn 
245 1 0 |a Tápanyag-ellátás hatása az őszi búza fajták fejlődésére  |h [elektronikus dokumentum] /  |c Adrienn Szarvas 
260 |c 2008 
300 |a 49 
650 4 |a Agrár 
650 4 |a Agricultural sciences 
650 4 |a Agriculture, forestry and fisheries 
695 |a Őszi búza 
695 |a Tápanyag-ellátás 
695 |a Műtrágyázás 
700 0 1 |a Kristó István  |e ths 
700 0 1 |a Petróczi István Mihály  |e ths 
700 0 1 |a Szarvas Mariann  |e aut 
856 4 0 |u https://diploma.bibl.u-szeged.hu/id/eprint/102273/1/2008_szarvas_adrienn.pdf  |z Dokumentum-elérés